The Batman Riddle - Statistics

General Stats
  • This quiz has been taken 32 times
  • The average score is 5 of 21
Answer Stats
<?> % Correct
A
64%
You
64%
You
64%
The
56%
Is
28%
Is
28%
Know
28%
Think
28%
Truth
24%
But
20%
Don't
20%
Finished
20%
Beginning
16%
I'm
16%
Coming
12%
Full
12%
Perhaps
12%
Every
8%
New
8%
Something
8%
Ending
4%
No matching quizzes found
Score Distribution
Percent of People with Each Score
Percentile by Number Answered
Your Score History
You have not taken this quiz